أثر ذكاء الاعمال في تحقيق الريادة الاستراتيجية في البنوك التجارية الاردنية=The Impact of Business Intellingence in Achieving Strategic Entrepreneurship in Jordanian Commercial Banks / (Record no. 31241)
[ view plain ]
| 000 -LEADER | |
|---|---|
| fixed length control field | 01106nam a2200241Ii 4500 |
| 003 - CONTROL NUMBER IDENTIFIER | |
| control field | JO-AjNU |
| 005 - DATE AND TIME OF LATEST TRANSACTION | |
| control field | 20240625101541.0 |
| 008 - FIXED-LENGTH DATA ELEMENTS--GENERAL INFORMATION | |
| fixed length control field | 230605s9999||||xx |||||||||||||| ||und|| |
| 040 ## - CATALOGING SOURCE | |
| Original cataloging agency | JO-AjNU |
| Language of cataloging | ara |
| Description conventions | rda |
| Transcribing agency | JO-AjNU |
| 041 ## - LANGUAGE CODE | |
| Language code of text/sound track or separate title | ara |
| 050 14 - LIBRARY OF CONGRESS CALL NUMBER | |
| Classification number | HD30.2.2020 |
| 100 #1 - MAIN ENTRY--PERSONAL NAME | |
| Personal name | عمايرة، امال محمود ناصر |
| Relator term | معد |
| 9 (RLIN) | 65591 |
| 245 10 - TITLE STATEMENT | |
| Title | أثر ذكاء الاعمال في تحقيق الريادة الاستراتيجية في البنوك التجارية الاردنية=The Impact of Business Intellingence in Achieving Strategic Entrepreneurship in Jordanian Commercial Banks / |
| 260 ## - PUBLICATION, DISTRIBUTION, ETC. | |
| Date of publication, distribution, etc. | 2020 |
| 300 ## - PHYSICAL DESCRIPTION | |
| Extent | 138 ورقة |
| 336 ## - CONTENT TYPE | |
| Content type term | text |
| Content type code | txt |
| Source | rdacontent |
| 337 ## - MEDIA TYPE | |
| Media type term | unmediated |
| Media type code | n |
| Source | rdamedia |
| 338 ## - CARRIER TYPE | |
| Carrier type term | volume |
| Carrier type code | nc |
| Source | rdacarrier |
| 500 ## - GENERAL NOTE | |
| General note | رسالة جامعية ( اطروحة ماجستير) جامعة عجلون الوطنية: كلية ادارة الاعمال ، تخصص ادارة الاعمال،2020 |
| 650 7# - SUBJECT ADDED ENTRY--TOPICAL TERM | |
| Topical term or geographic name entry element | الادارة-ذكاء الاعمال |
| 9 (RLIN) | 61253 |
| 700 #1 - ADDED ENTRY--PERSONAL NAME | |
| Personal name | الزعبي، علي فلاح مفلح |
| 9 (RLIN) | 59270 |
| Relator term | مشرف |
| 942 ## - ADDED ENTRY ELEMENTS (KOHA) | |
| Source of classification or shelving scheme | Library of Congress Classification |
| Koha item type | Thesis |
| Withdrawn status | Lost status | Source of classification or shelving scheme | Damaged status | Not for loan | Home library | Current library | Shelving location | Date acquired | Total Checkouts | Full call number | Barcode | Date last seen | Price effective from | Koha item type |
|---|---|---|---|---|---|---|---|---|---|---|---|---|---|---|
| Library of Congress Classification | مكتبة جامعة عجلون الوطنية | مكتبة جامعة عجلون الوطنية | المراجع | 25/06/2024 | HD30.2.2020 | A27673 | 06/06/2023 | 25/06/2024 | Thesis | |||||
| Library of Congress Classification | مكتبة جامعة عجلون الوطنية | مكتبة جامعة عجلون الوطنية | المراجع | 25/06/2024 | HD30.2.2020 | a27672 | 25/06/2024 | 25/06/2024 | Thesis |